000 00853nmm a2200265 a 4500
001 ocm000984890
003 TR-IsHL
005 20201028153926.0
008 150709s2012 tu tur
007 cr cn
020 _a9786055315252
035 _a984890
_b(N$T)
050 0 4 _aPL248.P35
_bY89 2012
090 0 4 _aPL248.P35
_bY89 2012
100 1 _aPala, Şafak
245 1 0 _aYüzüne sabah çiyi düşmüş
_h[electronic resource] /
_cŞafak Pala
260 _aİstanbul :
_bEvrensel Basım Yayın,
_c2012
300 _a120 p.
650 4 _aDil ve Edebiyat
650 4 _aLanguage and Literature
650 0 _aKısa hikayeler, Türk
650 0 _aShort stories, Turkish
650 7 _aLITERARY COLLECTIONS / Middle Eastern
_2bisacsh
856 4 0 _uhttp://search.ebscohost.com/login.aspx?direct=true&scope=site&db=e011xww&AN=984890
999 _c12305
_d12305